Kafiah (Record no. 7438)

MARC details
000 -LEADER
fixed length control field 00594nam a2200241 a 4500
020 ## - INTERNATIONAL STANDARD BOOK NUMBER
ISBN
082 00 - DEWEY DECIMAL CLASSIFICATION NUMBER
Classification number 297.1224
Author Cutter ABD
100 ## - MAIN ENTRY--AUTHOR NAME
Author name Abdul Wahed, Mohammad
245 ## - TITLE STATEMENT
Title Kafiah
Sub title Ma` Sharah Farsi
260 ## - PUBLICATION, DISTRIBUTION, ETC. (IMPRINT)
Place of publication Kanpur
Name of publisher Nizami Press
Year of publication 1909
300 ## - PHYSICAL DESCRIPTION
Number of Pages 120p.
500 ## - GENERAL NOTE
General note includes index and biblioraphy
505 2# - FORMATTED CONTENTS NOTE
Formatted contents note Urdu-Roman
650 ## - SUBJECT ADDED ENTRY--TOPICAL TERM
Topical Term Quran-Textual Criticism
942 ## - ADDED ENTRY ELEMENTS (KOHA)
Koha item type Books
700 1# -
-- Abdul Wahed, Mohammad
Holdings
Collection code Home library Current library Date acquired Cost, normal purchase price Full call number Accession Number Koha item type
  Henry Martyn Institute Library Henry Martyn Institute Library 07/30/2007 100.00 297.1224 ABD 010153 Books
                   Copyright © 2026 | Henry Martyn Institute | Hyderabad | TS-500052 | INDIA | Implemented by hmi.edu.in
Hit-Count:

Powered by Koha